| 000 | 00387nam a2200145Ia 4500 | ||
|---|---|---|---|
| 005 | 20251222141948.0 | ||
| 008 | 251222s9999||||xx |||||||||||||| ||spa|| | ||
| 020 | _a9509807257 | ||
| 082 | _aREF.927.03/R52 | ||
| 100 | _aRibera, Adolfo Luis | ||
| 245 | 0 | _aDiccionario de Orfebres Rioplatenses siglos XVI al XX | |
| 250 | _a1ra.ed. | ||
| 264 | _bFondo Nacional de las Artes | ||
| 942 | _cLIB | ||
| 999 |
_c9603 _d9603 |
||